[Event "Olympiad-45"]
[Site "Budapest"]
[Date "2024.09.18"]
[Round "7.1"]
[White "Allam, Mohamed"]
[Black "Miguel, Sergio"]
[Result "0-1"]
[WhiteElo "2053"]
[BlackElo "2241"]
[PlyCount "114"]
[EventDate "2024.09.11"]
[EventType "team-swiss"]
[EventRounds "11"]
[EventCountry "HUN"]
[SourceTitle "EXT 2025"]
[Source "ChessBase"]
[SourceDate "2024.10.14"]
[SourceVersion "1"]
[SourceVersionDate "2024.10.14"]
[SourceQuality "1"]
[WhiteTeam "Palestine"]
[BlackTeam "Angola"]
[WhiteTeamCountry "PLE"]
[BlackTeamCountry "ANG"]

1. d4 Nf6 2. c4 e6 3. Nc3 Bb4 4. e3 0-0 5. a3 Bxc3+ 6. bxc3 b6 7. Bd3 Bb7 8. f3 Nc6 9. e4 e5 10. Ne2 d6 11. Bg5 Nb8 12. Ng3 h6 13. Be3 Re8 14. Qd2 Nh7 15. 0-0 Nd7 16. f4 Ndf6 17. fxe5 dxe5 18. d5 Ng4 19. Nf5 Bc8 20. c5 Bxf5 21. Rxf5 Nxe3 22. Qxe3 Qe7 23. Bb5 Red8 24. cxb6 axb6 25. a4 Nf8 26. Raf1 f6 27. Qg3 Kh7 28. h4 Nd7 29. h5 Nc5 30. Ra1 Kh8 31. Bc6 Nxe4 32. Qg4 Nd6 33. Rf3 Ra5 34. Qe6 Qxe6 35. dxe6 e4 36. e7 Rg8 37. Re3 f5 38. g4 fxg4 39. Rxe4 Nxe4 40. e8Q Rxe8 41. Bxe8 Nf6 42. Bg6 Kg8 43. Kg2 Nxh5 44. Rf1 Nf6 45. Rd1 Rd5 46. Re1 Rg5 47. Bc2 Kf7 48. Bb3+ Kf8 49. Re3 h5 50. Rd3 h4 51. Bd1 Rd5 52. Rxd5 Nxd5 53. Kh2 Nxc3 54. Bxg4 Nxa4 55. Kh3 g5 56. Bd7 Nc3 57. Kg4 Ke7 0-1

[Event "Olympiad-45"]
[Site "Budapest"]
[Date "2024.09.16"]
[Round "6.31"]
[White "Miguel, Sergio"]
[Black "Garcia Pantoja, Roberto"]
[Result "0-1"]
[WhiteElo "2241"]
[BlackElo "2550"]
[PlyCount "64"]
[EventDate "2024.09.11"]
[EventType "team-swiss"]
[EventRounds "11"]
[EventCountry "HUN"]
[SourceTitle "EXT 2025"]
[Source "ChessBase"]
[SourceDate "2024.10.14"]
[SourceVersion "1"]
[SourceVersionDate "2024.10.14"]
[SourceQuality "1"]
[WhiteTeam "Angola"]
[BlackTeam "Colombia"]
[WhiteTeamCountry "ANG"]
[BlackTeamCountry "COL"]

1. e4 c5 2. Nf3 d6 3. Bb5+ Bd7 4. Bxd7+ Qxd7 5. 0-0 Nc6 6. c3 d5 7. exd5 Qxd5 8. d4 e6 9. Qa4 Nf6 10. c4 Qd7 11. Be3 cxd4 12. Nxd4 Bc5 13. Nf5 Bxe3 14. Nxe3 0-0 15. Nc3 Qc7 16. Rac1 Ne5 17. Nb5 Qc6 18. Rfd1 a6 19. Nc3 Qc7 20. c5 Qxc5 21. Ncd5 Qb5 22. Nxf6+ gxf6 23. Qh4 Kg7 24. Ng4 Nxg4 25. Qxg4+ Qg5 26. Qf3 b5 27. Rc6 Rfd8 28. g3 a5 29. b3 Qf5 30. Qe2 Rac8 31. Rxd8 Rxd8 32. Qc2 Qf3 0-1

[Event "Olympiad-45"]
[Site "Budapest"]
[Date "2024.09.14"]
[Round "4.50"]
[White "Gabriel, Davidson"]
[Black "Miguel, Sergio"]
[Result "0-1"]
[WhiteElo "2043"]
[BlackElo "2241"]
[PlyCount "124"]
[EventDate "2024.09.11"]
[EventType "team-swiss"]
[EventRounds "11"]
[EventCountry "HUN"]
[SourceTitle "EXT 2025"]
[Source "ChessBase"]
[SourceDate "2024.10.14"]
[SourceVersion "1"]
[SourceVersionDate "2024.10.14"]
[SourceQuality "1"]
[WhiteTeam "Haiti"]
[BlackTeam "Angola"]
[WhiteTeamCountry "HAI"]
[BlackTeamCountry "ANG"]

1. d4 Nf6 2. c4 e6 3. Nf3 b6 4. g3 Bb7 5. Bg2 Be7 6. 0-0 0-0 7. Nc3 Na6 8. a3 Ne4 9. Nxe4 Bxe4 10. Qa4 Qc8 11. Ne5 Bxg2 12. Kxg2 c5 13. d5 d6 14. Nc6 Bf6 15. e4 Re8 16. Bf4 Bxb2 17. Bxd6 Bxa1 18. Rxa1 exd5 19. exd5 Qd7 20. Bf4 Nb8 21. Bxb8 Rexb8 22. Qb3 Re8 23. Rd1 Re4 24. Qd3 Rae8 25. Rd2 h5 26. h3 Re1 27. Rd1 R1e2 28. Qf3 R2e4 29. Qxh5 g6 30. Qg5 Kg7 31. Qc1 Rh8 32. Rh1 f6 33. a4 Re2 34. Qd1 Ra2 35. Qb3 Re2 36. g4 Rhe8 37. Rd1 f5 38. Qc3+ Kh7 39. Qf3 fxg4 40. hxg4 R2e4 41. Rh1+ Kg8 42. Qh3 Qxg4+ 43. Qxg4 Rxg4+ 44. Kf3 Rxc4 45. Rd1 Rf8+ 46. Kg3 Re4 47. d6 Re6 48. Nxa7 Rd8 49. Nb5 Re4 50. a5 bxa5 51. Rc1 c4 52. f3 Re5 53. Na3 Rc5 54. Rxc4 Rxc4 55. Nxc4 a4 56. Kf4 Rxd6 57. Nxd6 a3 58. Kg5 Kh7 59. Ne4 a2 60. Nf6+ Kg7 61. Ne8+ Kf8 62. Nf6 Kf7 0-1

[Event "Olympiad-45"]
[Site "Budapest"]
[Date "2024.09.11"]
[Round "1.82"]
[White "Miguel, Sergio"]
[Black "Christopher, Art"]
[Result "1-0"]
[WhiteElo "2241"]
[BlackElo "1779"]
[PlyCount "97"]
[EventDate "2024.09.11"]
[EventType "team-swiss"]
[EventRounds "11"]
[EventCountry "HUN"]
[SourceTitle "EXT 2025"]
[Source "ChessBase"]
[SourceDate "2024.10.14"]
[SourceVersion "1"]
[SourceVersionDate "2024.10.14"]
[SourceQuality "1"]
[WhiteTeam "Angola"]
[BlackTeam "British Virgin Islands"]
[WhiteTeamCountry "ANG"]
[BlackTeamCountry "IVB"]

1. e4 e5 2. Nf3 Nc6 3. Bc4 Nf6 4. d3 Be7 5. 0-0 0-0 6. Nc3 d6 7. a4 Nb4 8. Ne2 c5 9. Ng3 Bg4 10. c3 Nc6 11. h3 Be6 12. Ng5 Bxc4 13. dxc4 h6 14. Nf3 Qc7 15. Re1 Rfe8 16. Nh4 Bf8 17. Nhf5 Rad8 18. Qf3 Re6 19. b3 Ne7 20. Ne3 Ng6 21. Ngf5 b6 22. g3 Qb7 23. Ng4 Nxg4 24. hxg4 Ne7 25. Kg2 Nxf5 26. gxf5 Rf6 27. g4 g5 28. Qd3 a6 29. f3 Bg7 30. Be3 Qc7 31. Rh1 Qb7 32. Rh5 Kf8 33. Rah1 Ke7 34. Qd2 Rg8 35. Kf1 b5 36. cxb5 axb5 37. a5 b4 38. cxb4 cxb4 39. Kg2 Ra8 40. Bb6 Rc8 41. Qxb4 Qa6 42. Kg3 Kd7 43. Rd1 Bf8 44. Rd5 Qe2 45. Rh2 Qa6 46. Rhd2 h5 47. gxh5 Rh6 48. Kg4 Qf1 49. Qb5+ 1-0

[Event "Olympiad-44"]
[Site "Chennai"]
[Date "2022.08.07"]
[Round "9.1"]
[White "Miguel, Sergio"]
[Black "Deng, Yu Dong Michael"]
[Result "1/2-1/2"]
[WhiteElo "2274"]
[BlackElo "2028"]
[PlyCount "100"]
[EventDate "2022.07.29"]
[EventType "team-swiss"]
[EventRounds "11"]
[EventCountry "IND"]
[SourceTitle "CBM 210"]
[Source "ChessBase"]
[SourceDate "2022.10.31"]
[SourceVersion "1"]
[SourceVersionDate "2022.10.31"]
[SourceQuality "1"]
[WhiteTeam "Angola"]
[BlackTeam "Hong Kong"]
[WhiteTeamCountry "ANG"]
[BlackTeamCountry "HKG"]

1. d4 d5 2. Nf3 Nf6 3. c4 e6 4. g3 Be7 5. Bg2 0-0 6. 0-0 dxc4 7. Na3 Bxa3 8. bxa3 b5 9. Ne5 Nd5 10. Qc2 Nd7 11. Nc6 Qe8 12. a4 b4 13. e4 Ne7 14. Nxe7+ Qxe7 15. Qxc4 Nb6 16. Qc2 a5 17. Bf4 Bd7 18. Qxc7 Nxa4 19. Bd6 Qd8 20. Qb7 Re8 21. e5 Rc8 22. a3 bxa3 23. Rxa3 Nc3 24. Rfa1 Ne2+ 25. Kh1 Nxd4 26. h4 Nc2 27. Rxa5 Nxa1 28. Rxa1 Rc2 29. Ra7 Rxf2 30. Qxd7 Qxd7 31. Rxd7 Rc8 32. Rc7 Rxc7 33. Bxc7 f6 34. Kg1 Rc2 35. Bd6 fxe5 36. Bxe5 Kf7 37. Kf1 h5 38. Bf3 g6 39. Be2 Rc5 40. Bf4 e5 41. Bd2 Kf6 42. Bd3 Rd5 43. Ke2 Rd4 44. Bg5+ Kf7 45. Be3 Rb4 46. Kf3 Kf6 47. Bg5+ Kg7 48. Ke3 Rg4 49. Kf3 Rb4 50. Ke3 Rg4 1/2-1/2

[Event "ANG-ch"]
[Site "Benguela"]
[Date "2022.05.23"]
[Round "3"]
[White "Dias, Vanderson"]
[Black "Miguel, Sergio"]
[Result "1/2-1/2"]
[WhiteElo "2110"]
[BlackElo "2278"]
[PlyCount "62"]
[EventDate "2022.05.22"]
[EventType "swiss"]
[EventRounds "9"]
[EventCountry "ANG"]
[SourceTitle "EXT 2023"]
[Source "ChessBase"]
[SourceDate "2022.10.05"]
[SourceVersion "1"]
[SourceVersionDate "2022.10.05"]
[SourceQuality "1"]

1. e4 e5 2. Nf3 Nc6 3. Bb5 a6 4. Ba4 Nf6 5. d3 Bc5 6. Qe2 b5 7. Bb3 d6 8. h3 Be6 9. Be3 Bxe3 10. Qxe3 0-0 11. 0-0 Re8 12. Nc3 Nb4 13. Qd2 Bxb3 14. axb3 c5 15. Rfe1 h6 16. Ne2 Nh5 17. c3 Nc6 18. c4 b4 19. g4 Nf6 20. Ng3 Nh7 21. Kg2 Ng5 22. Nxg5 hxg5 23. Ne2 g6 24. h4 gxh4 25. g5 Kg7 26. Rg1 Rh8 27. Raf1 Rh5 28. Kh2 Kg8 29. f4 Qd7 30. Qe3 Nd4 31. Nxd4 cxd4 1/2-1/2

[Event "ANG-ch"]
[Site "Benguela"]
[Date "2022.05.22"]
[Round "1"]
[White "Dos Santos Julio, Joao Manuel"]
[Black "Miguel, Sergio"]
[Result "0-1"]
[WhiteElo "2005"]
[BlackElo "2278"]
[PlyCount "22"]
[EventDate "2022.05.22"]
[EventType "swiss"]
[EventRounds "9"]
[EventCountry "ANG"]
[SourceTitle "EXT 2023"]
[Source "ChessBase"]
[SourceDate "2022.10.05"]
[SourceVersion "1"]
[SourceVersionDate "2022.10.05"]
[SourceQuality "1"]

1. e4 e5 2. Nf3 d6 3. d4 exd4 4. Nxd4 Nf6 5. Nc3 a6 6. a4 g6 7. Be2 Bg7 8. Be3 Nc6 9. 0-0 0-0 10. h3 Bd7 11. Qd2 Rc8 0-1

[Event "Online Olym Div2 D"]
[Site "Chess.com INT"]
[Date "2021.09.03"]
[Round "5.1"]
[White "Ali, Sebbar"]
[Black "Miguel, Sergio"]
[Result "0-1"]
[WhiteElo "2399"]
[BlackElo "2297"]
[PlyCount "96"]
[EventDate "2021.09.02"]
[EventType "team (rapid)"]
[EventRounds "9"]
[EventCountry "USA"]
[SourceTitle "CBM 204 Extra"]
[Source "ChessBase"]
[SourceDate "2021.11.30"]
[SourceVersion "1"]
[SourceVersionDate "2021.11.30"]
[SourceQuality "1"]
[WhiteTeam "Morocco"]
[BlackTeam "Angola"]
[WhiteTeamCountry "MAR"]
[BlackTeamCountry "ANG"]

1. d4 Nf6 2. Nf3 e6 3. Bg5 c5 4. Nc3 cxd4 5. Qxd4 Nc6 6. Qh4 Be7 7. e4 Qa5 8. Bb5 d6 9. 0-0-0 Bd7 10. Kb1 a6 11. Bd3 Rc8 12. Bd2 Qc7 13. Qg3 0-0 14. Bh6 Ne8 15. h4 b5 16. h5 Kh8 17. Bf4 b4 18. h6 g6 19. Ne2 e5 20. Be3 f5 21. Bg5 fxe4 22. Bxe4 Nf6 23. Bxf6+ Bxf6 24. Rd2 Ne7 25. Rhd1 d5 26. Ka1 Be6 27. Bd3 e4 28. Qxc7 Rxc7 29. Nfd4 exd3 30. Nxe6 dxe2 31. Rxe2 Rcc8 32. Nxf8 Rxf8 33. f4 a5 34. g4 g5 35. f5 a4 36. Kb1 Ng8 37. Rh1 a3 38. b3 Bc3 39. Kc1 Nf6 40. Rg1 Ne4 41. Rgg2 Bb2+ 42. Kd1 Nc3+ 43. Ke1 Nxa2 44. Re7 Nc3 45. Ra7 a2 46. Kd2 Ba3 47. Rg1 Nb1+ 48. Kd3 a1Q 0-1

[Event "Online Olym Div2 D"]
[Site "Chess.com INT"]
[Date "2021.09.02"]
[Round "2.4"]
[White "Miguel, Sergio"]
[Black "Diamant, Andre"]
[Result "1/2-1/2"]
[WhiteElo "2297"]
[BlackElo "2542"]
[PlyCount "68"]
[EventDate "2021.09.02"]
[EventType "team (rapid)"]
[EventRounds "9"]
[EventCountry "USA"]
[SourceTitle "CBM 204 Extra"]
[Source "ChessBase"]
[SourceDate "2021.11.30"]
[SourceVersion "1"]
[SourceVersionDate "2021.11.30"]
[SourceQuality "1"]
[WhiteTeam "Angola"]
[BlackTeam "Brazil"]
[WhiteTeamCountry "ANG"]
[BlackTeamCountry "BRA"]

1. e4 c5 2. Nf3 Nc6 3. d4 cxd4 4. Nxd4 Nf6 5. Nc3 e5 6. Ndb5 d6 7. Nd5 Nxd5 8. exd5 Ne7 9. c4 Ng6 10. Qa4 Bd7 11. Qb4 Qb8 12. h4 h5 13. Bg5 a6 14. Nc3 a5 15. Qb3 Be7 16. Nb5 Bxg5 17. hxg5 a4 18. Qb4 Bxb5 19. Qxb5+ Ke7 20. Bd3 Qc7 21. Bxg6 fxg6 22. 0-0 Rhf8 23. c5 Kf7 24. cxd6 Qxd6 25. Qxb7+ Kg8 26. Qc6 Qxc6 27. dxc6 Rfc8 28. Rac1 Ra6 29. c7 Ra7 30. Rc4 Rcxc7 31. Rfc1 Rxc4 32. Rxc4 Rb7 33. Rxa4 Rxb2 34. Re4 Rxa2 1/2-1/2

[Event "Online Olym Div2 D"]
[Site "Chess.com INT"]
[Date "2021.09.02"]
[Round "3.2"]
[White "Roselli Mailhe, Bernardo"]
[Black "Miguel, Sergio"]
[Result "0-1"]
[WhiteElo "2430"]
[BlackElo "2297"]
[PlyCount "126"]
[EventDate "2021.09.02"]
[EventType "team (rapid)"]
[EventRounds "9"]
[EventCountry "USA"]
[SourceTitle "CBM 204 Extra"]
[Source "ChessBase"]
[SourceDate "2021.11.30"]
[SourceVersion "1"]
[SourceVersionDate "2021.11.30"]
[SourceQuality "1"]
[WhiteTeam "Uruguay"]
[BlackTeam "Angola"]
[WhiteTeamCountry "URU"]
[BlackTeamCountry "ANG"]

1. d4 Nf6 2. c4 e6 3. Nf3 b6 4. g3 Ba6 5. Nbd2 Bb4 6. Qb3 c5 7. dxc5 bxc5 8. Bg2 Nc6 9. 0-0 Rb8 10. Qc2 0-0 11. Nb3 Na5 12. Bf4 Rb6 13. Nxa5 Bxa5 14. Rfd1 d5 15. Ne5 h6 16. cxd5 exd5 17. Qxc5 Rxb2 18. Nc6 Qb6 19. Qxa5 Qxc6 20. e3 Qc2 21. Qe1 Ng4 22. Rac1 Qxf2+ 23. Qxf2 Nxf2 24. Rxd5 Bb7 25. Rc7 Bxd5 26. Bxd5 Nh3+ 27. Kh1 Nxf4 28. gxf4 a5 29. e4 g6 30. Kg1 Rd2 31. Kf1 a4 32. Ke1 Rxh2 33. Kd1 Rf2 34. Rc6 Kg7 35. Ra6 Rxf4 36. Ke2 h5 37. Rxa4 f5 38. Ra7+ Kf6 39. Ke3 Rg4 40. Ra6+ Kg5 41. e5 Re8 42. e6 h4 43. Bf3 Rg3 44. Kf2 Kf6 45. Bd5 Rd3 46. Bc4 Rd4 47. Bb3 Re4 48. Ra7 R8xe6 49. Bxe6 Rxe6 50. a4 Re4 51. a5 Kg5 52. a6 Ra4 53. Ra8 Kf4 54. Kg2 g5 55. Kh3 Ra3+ 56. Kh2 g4 57. Kg2 Ra2+ 58. Kf1 Kf3 59. Ke1 f4 60. a7 h3 61. Kd1 h2 62. Rh8 Rxa7 63. Rxh2 Ra1+ 0-1

[Event "Online Olym Div3 C"]
[Site "Chess.com INT"]
[Date "2021.08.27"]
[Round "2.5"]
[White "Mohamed, Saeed Laily"]
[Black "Miguel, Sergio"]
[Result "0-1"]
[WhiteElo "1904"]
[BlackElo "2286"]
[PlyCount "78"]
[EventDate "2021.08.27"]
[EventType "team-tourn (rapid)"]
[EventRounds "9"]
[EventCountry "USA"]
[SourceTitle "CBM 204 Extra"]
[Source "ChessBase"]
[SourceDate "2021.11.30"]
[SourceVersion "1"]
[SourceVersionDate "2021.11.30"]
[SourceQuality "1"]
[WhiteTeam "United Arab Emirates"]
[BlackTeam "Angola"]
[WhiteTeamCountry "UAE"]
[BlackTeamCountry "ANG"]

1. d4 Nf6 2. Nc3 d5 3. Bf4 e6 4. e3 Bb4 5. Bd3 c5 6. Bb5+ Nc6 7. Nge2 Nh5 8. 0-0 0-0 9. dxc5 Nxf4 10. exf4 Bxc5 11. a3 a6 12. Bd3 b5 13. b4 Be7 14. Qd2 Bb7 15. Ng3 g6 16. Nce2 Qd7 17. c3 Rfd8 18. a4 bxa4 19. Rxa4 Ne5 20. Ra5 Nxd3 21. Qxd3 Qc7 22. Qd4 Bc6 23. Nc1 Bb5 24. Re1 Bf8 25. Nd3 Bg7 26. Ne5 Rac8 27. Ra3 f6 28. Nd3 Qf7 29. Nc5 e5 30. Qd2 Bh6 31. Ne2 Bf8 32. Nxa6 d4 33. cxd4 exd4 34. h3 d3 35. Ng3 Rc2 36. Qe3 Re8 37. Ne4 f5 38. Nac5 fxe4 39. Nxe4 Bxb4 0-1

[Event "African Online op"]
[Site "Tornelo INT"]
[Date "2021.02.02"]
[Round "2"]
[White "Amin, Bassem"]
[Black "Miguel, Sergio"]
[Result "1-0"]
[WhiteElo "2695"]
[BlackElo "2377"]
[PlyCount "131"]
[EventDate "2021.02.01"]
[EventType "swiss (rapid)"]
[EventRounds "9"]
[EventCountry "NET"]
[SourceTitle "CBM 200 Extra"]
[Source "ChessBase"]
[SourceDate "2021.03.31"]
[SourceVersion "1"]
[SourceVersionDate "2021.03.31"]
[SourceQuality "1"]

1. c4 Nf6 2. g3 e6 3. Bg2 d5 4. Nf3 Be7 5. 0-0 0-0 6. b3 c5 7. Bb2 d4 8. e3 Nc6 9. exd4 cxd4 10. Re1 Qb6 11. d3 Rd8 12. a3 a5 13. Ne5 Nxe5 14. Rxe5 Bd7 15. Nd2 Bc6 16. Nf3 Nd7 17. Bxd4 Bxf3 18. Bxb6 Bxd1 19. Bxd8 Rxd8 20. Rxa5 Bxb3 21. Rb1 b6 22. Ra7 Bc2 23. Rc1 Bxd3 24. Rd1 Bxc4 25. Rdxd7 Rxd7 26. Rxd7 Bxa3 27. Rb7 b5 28. Bc6 g6 29. Bxb5 Bxb5 30. Rxb5 h5 31. Kg2 Kg7 32. Kf3 Be7 33. Ke4 Bf6 34. Kd3 g5 35. h3 Kg6 36. g4 hxg4 37. hxg4 Be7 38. f3 Bd6 39. Kc4 Bf4 40. Rb6 Kf6 41. Rb7 Be3 42. Kb5 Kg6 43. Kc6 f5 44. Rb3 Bf2 45. Rb2 Bd4 46. Re2 Kf6 47. Kd6 e5 48. Kd5 fxg4 49. fxg4 Bc3 50. Rc2 Bd4 51. Ke4 Kg7 52. Kf5 Be3 53. Kxe5 Bf4+ 54. Kf5 Be3 55. Rh2 Bf4 56. Rh5 Kg8 57. Kf6 Be3 58. Rh3 Bf4 59. Rd3 Bc1 60. Rd7 Bf4 61. Rb7 Bd2 62. Rg7+ Kf8 63. Rd7 Ba5 64. Kxg5 Bc3 65. Kg6 Be5 66. g5 1-0

[Event "African Online op"]
[Site "Tornelo INT"]
[Date "2021.02.01"]
[Round "1"]
[White "Miguel, Sergio"]
[Black "Mwashe, Philip"]
[Result "1-0"]
[WhiteElo "2377"]
[BlackElo "1756"]
[PlyCount "109"]
[EventDate "2021.02.01"]
[EventType "swiss (rapid)"]
[EventRounds "9"]
[EventCountry "NET"]
[SourceTitle "CBM 200 Extra"]
[Source "ChessBase"]
[SourceDate "2021.03.31"]
[SourceVersion "1"]
[SourceVersionDate "2021.03.31"]
[SourceQuality "1"]

1. d4 Nf6 2. Nf3 g6 3. Bf4 Bg7 4. e3 0-0 5. Nbd2 d6 6. h3 Nbd7 7. Bc4 c5 8. 0-0 a6 9. a4 Nb6 10. a5 Nxc4 11. Nxc4 cxd4 12. Nb6 Rb8 13. exd4 Bf5 14. c4 Nd7 15. c5 e5 16. Nxd7 Qxd7 17. dxe5 dxc5 18. Qxd7 Bxd7 19. e6 Bxe6 20. Bxb8 Rxb8 21. Rac1 Rc8 22. Rc2 Bf5 23. Rd2 Bh6 24. Rd6 Bg7 25. Rb6 Be4 26. Re1 Bc6 27. Ne5 Re8 28. f4 f6 29. Nd3 Rxe1+ 30. Nxe1 f5 31. Nf3 Kf8 32. Kf2 Ke7 33. g4 Kd6 34. Ke3 fxg4 35. hxg4 Kc7 36. Ne5 Bd5 37. g5 Bh8 38. Kd3 Bg7 39. Ng4 Bd4 40. Nf6 Bc6 41. Nxh7 Bg1 42. Nf8 c4+ 43. Kxc4 Bxb6 44. axb6+ Kd6 45. Nxg6 Ke6 46. f5+ Kd6 47. f6 Be8 48. Nh8 Ke6 49. Kc5 Bh5 50. f7 Bxf7 51. Nxf7 Kxf7 52. Kd6 Kg6 53. Kc7 Kxg5 54. Kxb7 Kf6 55. Kxa6 1-0

[Event "Olympiad-43"]
[Site "Batumi"]
[Date "2018.10.04"]
[Round "10.1"]
[White "Miguel, Sergio"]
[Black "Degondo, Simplice Armel"]
[Result "1/2-1/2"]
[WhiteElo "2285"]
[BlackElo "2138"]
[PlyCount "120"]
[EventDate "2018.09.24"]
[EventType "team-swiss"]
[EventRounds "11"]
[EventCountry "GEO"]
[SourceTitle "CBM 187"]
[Source "ChessBase"]
[SourceDate "2018.12.11"]
[SourceVersion "1"]
[SourceVersionDate "2018.12.11"]
[SourceQuality "1"]
[WhiteTeam "Angola"]
[BlackTeam "Ivory Coast"]
[WhiteTeamCountry "ANG"]
[BlackTeamCountry "IVO"]

1. e4 e5 2. Nf3 Nc6 3. Bb5 a6 4. Ba4 Nf6 5. 0-0 b5 6. Bb3 Be7 7. Re1 0-0 8. d3 d6 9. c3 Na5 10. Bc2 c5 11. Nbd2 Re8 12. Nf1 h6 13. Ng3 Bf8 14. h3 g6 15. Be3 Bb7 16. Qd2 Kh7 17. b4 cxb4 18. cxb4 Nc6 19. Bb3 d5 20. Bc5 dxe4 21. Nxe4 Nxe4 22. Rxe4 Bxc5 23. Rh4 Qxh4 24. Nxh4 Bxb4 25. Qe3 Re7 26. Bd5 Rd8 27. Be4 f5 28. Bxc6 Bxc6 29. Qb6 Rd6 30. a3 Bb7 31. Qa7 Ba5 32. Qc5 Ree6 33. Qa7 Re7 34. Qc5 Ree6 35. Rd1 Bb6 36. Qb4 e4 37. d4 Bd5 38. g3 Bc4 39. Ng2 Rxd4 40. Rxd4 Bxd4 41. Nf4 e3 42. fxe3 Bxe3+ 43. Kg2 Bxf4 44. gxf4 g5 45. Qf8 Kg6 46. Qg8+ Kh5 47. Qf7+ Rg6 48. Qe8 Bd5+ 49. Kg3 Be4 50. Qf7 Bd3 51. Kf3 Bb1 52. Qe8 Bd3 53. Kg3 Be4 54. Qh8 gxf4+ 55. Kxf4 Rc6 56. Qd4 Kg6 57. Qg1+ Kf7 58. h4 Ke6 59. Qd4 Ke7 60. Ke5 Re6+ 1/2-1/2

[Event "Olympiad-43"]
[Site "Batumi"]
[Date "2018.09.30"]
[Round "6.53"]
[White "Miguel, Sergio"]
[Black "Sanchez Alvarez, Roberto Carlos"]
[Result "0-1"]
[WhiteElo "2285"]
[BlackElo "2391"]
[PlyCount "102"]
[EventDate "2018.09.24"]
[EventType "team-swiss"]
[EventRounds "11"]
[EventCountry "GEO"]
[SourceTitle "CBM 187"]
[Source "ChessBase"]
[SourceDate "2018.12.11"]
[SourceVersion "1"]
[SourceVersionDate "2018.12.11"]
[SourceQuality "1"]
[WhiteTeam "Angola"]
[BlackTeam "Panama"]
[WhiteTeamCountry "ANG"]
[BlackTeamCountry "PAN"]

1. e4 c5 2. Nf3 d6 3. d4 cxd4 4. Nxd4 Nf6 5. Nc3 a6 6. Be2 Nbd7 7. Be3 e6 8. f4 b5 9. Bf3 Bb7 10. e5 Bxf3 11. Qxf3 dxe5 12. Nc6 Qc7 13. Nxe5 Rc8 14. Nxd7 Qxd7 15. 0-0 Be7 16. Rfd1 Qc7 17. a3 0-0 18. Rd3 Qc6 19. Qxc6 Rxc6 20. h3 Rb8 21. Rc1 Rbc8 22. Bd4 Kf8 23. Kf2 Ne8 24. Rcd1 Nd6 25. Be3 Nc4 26. Bc1 Nxa3 27. R1d2 Nc4 28. Re2 Nd6 29. Bd2 f5 30. Be1 b4 31. Na2 a5 32. c3 b3 33. Nc1 a4 34. Rd4 Nc4 35. Nd3 Bf6 36. Rd7 Rd8 37. Rxd8+ Bxd8 38. Ne5 Nxe5 39. fxe5 Rb6 40. Rd2 Be7 41. Rd1 Rb5 42. Ra1 a3 43. bxa3 Bxa3 44. Ke3 Rxe5+ 45. Kd3 b2 46. Rb1 Rb5 47. c4 Rb7 48. Bc3 Kf7 49. Bd4 Be7 50. Rxb2 Rd7 51. Ra2 Rb7 0-1

[Event "Olympiad-43"]
[Site "Batumi"]
[Date "2018.09.27"]
[Round "4.51"]
[White "Miguel, Sergio"]
[Black "Reyes Najera, Carlos Antonio"]
[Result "1/2-1/2"]
[WhiteElo "2285"]
[BlackElo "2149"]
[PlyCount "120"]
[EventDate "2018.09.24"]
[EventType "team-swiss"]
[EventRounds "11"]
[EventCountry "GEO"]
[SourceTitle "CBM 187"]
[Source "ChessBase"]
[SourceDate "2018.12.11"]
[SourceVersion "1"]
[SourceVersionDate "2018.12.11"]
[SourceQuality "1"]
[WhiteTeam "Angola"]
[BlackTeam "Guatemala"]
[WhiteTeamCountry "ANG"]
[BlackTeamCountry "GUA"]

1. e4 c5 2. Nf3 e6 3. d4 cxd4 4. Nxd4 Nf6 5. Nc3 d6 6. g4 h6 7. h4 Nc6 8. Be3 Nxd4 9. Bxd4 e5 10. Be3 Bxg4 11. f3 Be6 12. Qd2 a6 13. 0-0-0 Qa5 14. Kb1 Rc8 15. Bh3 Bxh3 16. Rxh3 b5 17. a3 Qc7 18. f4 Rb8 19. Rf3 Be7 20. Rg1 Qb7 21. fxe5 dxe5 22. Rxg7 b4 23. axb4 Qxb4 24. b3 Nxe4 25. Nxe4 Qxe4 26. Rfxf7 Rxb3+ 27. Kc1 Ba3+ 28. Kd1 Rb1+ 29. Ke2 Qc4+ 30. Qd3 Qxd3+ 31. Kxd3 Bf8 32. Rb7 Rd1+ 33. Ke2 Bxg7 34. Kxd1 0-0 35. Ra7 Rf6 36. Ke2 Rc6 37. Kd3 e4+ 38. Kxe4 Rxc2 39. Rxa6 Rc4+ 40. Kf5 Rxh4 41. Bf4 Kh7 42. Ra7 Rh5+ 43. Kg4 Rd5 44. Rb7 h5+ 45. Kh4 Kg6 46. Rb6+ Bf6+ 47. Kh3 Rd3+ 48. Kg2 Kf5 49. Bg3 h4 50. Rb5+ Kg6 51. Bf4 Rc3 52. Be5 Rc2+ 53. Kh3 Bg5 54. Rb3 Kh5 55. Rf3 Rc8 56. Bf6 Rf8 57. Rf5 Rxf6 58. Rxf6 Bxf6 59. Kg2 Kg4 60. Kh1 Be5 1/2-1/2